Catálogo

Explorar el universo, última de las periferias : (Registro nro. 40410)

Detalles MARC
000 -LEADER
fixed length control field 01538cam a2200361 i 4500
001 - CONTROL NUMBER
control field 40410
003 - CONTROL NUMBER IDENTIFIER
control field Mx-PuUPA
005 - DATE AND TIME OF LATEST TRANSACTION
control field 20250205104545.0
008 - FIXED-LENGTH DATA ELEMENTS--GENERAL INFORMATION
fixed length control field 140415s2016 sp ad gr 000 0 spa d
017 ## - COPYRIGHT OR LEGAL DEPOSIT NUMBER
Copyright or legal deposit number SA-3-2016
020 ## - INTERNATIONAL STANDARD BOOK NUMBER
International Standard Book Number 9788429325430
Qualifying information Editorial Sal Terrae
020 ## - INTERNATIONAL STANDARD BOOK NUMBER
International Standard Book Number 9788484686095
Qualifying information U. P. Comillas
040 ## - CATALOGING SOURCE
Original cataloging agency Mx-PuUPA
Language of cataloging spa
Transcribing agency Mx-PuUPA
Modifying agency Mx-PuUPA
Description conventions rda
041 1# - LANGUAGE CODE
Language code of text/sound track or separate title spa
Language code of original ita
240 10 - UNIFORM TITLE
Uniform title Esplorare I´universo, I´ultima delle periferie. Le sfide della scienza alla teologia.
Language of a work Español
245 00 - TITLE STATEMENT
Title Explorar el universo, última de las periferias :
Remainder of title los desafíos de la ciencia a la teología /
Statement of responsibility, etc. edición a cargo de Alessandro Omizzolo y José G. Funes ; Observatorio Vaticano, editor
264 #1 - PRODUCTION, PUBLICATION, DISTRIBUTION, MANUFACTURE, AND COPYRIGHT NOTICE
Place of production, publication, distribution, manufacture Maliaño, Cantabria :
Name of producer, publisher, distributor, manufacturer Editorial Sal Terrae : U. P. Comillas,
Date of production, publication, distribution, manufacture, or copyright notice ©2016
300 ## - PHYSICAL DESCRIPTION
Extent 253 páginas ;
Dimensions 22 cm
336 ## - CONTENT TYPE
Fuente rdacontent
Content type term texto
Content type code txt
337 ## - MEDIA TYPE
Source rdamedia
Media type term sin medio
Media type code n
338 ## - CARRIER TYPE
Source rdacarrier
Carrier type term volumen
Carrier type code nc
490 0# - SERIES STATEMENT
Series statement Colección Ciencia y Religión ;
Volume/sequential designation 7
650 #7 - SUBJECT ADDED ENTRY--TOPICAL TERM
Source of heading or term armarc
Topical term or geographic name entry element Astronomía
General subdivision
650 #7 - SUBJECT ADDED ENTRY--TOPICAL TERM
Source of heading or term armarc
Topical term or geographic name entry element Iglesia Católica
General subdivision Doctrinas
650 #7 - SUBJECT ADDED ENTRY--TOPICAL TERM
Source of heading or term armarc
Topical term or geographic name entry element Religión y ciencia
700 1# - ADDED ENTRY--PERSONAL NAME
Personal name Omizzolo, Alessandro,
Relator term editor
9 (RLIN) 16700
700 1# - ADDED ENTRY--PERSONAL NAME
Personal name Funes, José G.,
Relator term editor
710 1# - ADDED ENTRY--CORPORATE NAME
Corporate name or jurisdiction name as entry element Observatorio Vaticano
Relator term editor
765 0# - ORIGINAL LANGUAGE ENTRY
Main entry heading Omizzolo, Alessandro,
Place, publisher, and date of publication Italia : Editrice Queriniana, 2015
Title Esplorare I´universo, I´ultima delle periferie. Le sfide della scienza alla teologia.
942 ## - ADDED ENTRY ELEMENTS (KOHA)
Source of classification or shelving scheme Dewey Decimal Classification
Koha item type Libro
Classification part 215
Item part E64
Existencias
Withdrawn status Lost status Source of classification or shelving scheme Damaged status Not for loan Collection code Home library Current library Shelving location Date acquired Source of acquisition Total Checkouts Full call number Barcode Date last seen Price effective from Koha item type
    Dewey Decimal Classification     General Centro de Estudios en Ciencia y Religión Centro de Estudios en Ciencia y Religión Sala general 03/12/2013   215 E64 2016 60758 05/01/2026 03/12/2013 Libro